[Event "Barcelona Sant Marti op-B 24th"]
[Site "Barcelona"]
[Date "2024.07.14"]
[Round "2"]
[White "Delgado Camara, Lluis Felix"]
[Black "Shaffer, Alexander"]
[Result "1-0"]
[WhiteElo "1813"]
[BlackElo "1724"]
[PlyCount "95"]
[EventDate "2024.07.13"]
[EventType "swiss"]
[EventRounds "9"]
[EventCountry "ESP"]
[SourceTitle "EXT 2025"]
[Source "ChessBase"]
[SourceDate "2024.10.14"]
[SourceVersion "1"]
[SourceVersionDate "2024.10.14"]
[SourceQuality "1"]

1. e4 e5 2. f4 Bc5 3. Qh5 Qe7 4. Qxe5 Qxe5 5. fxe5 Bxg1 6. Rxg1 Nc6 7. c3 Nxe5 8. d4 Ng6 9. Be3 Nf6 10. Bd3 d5 11. e5 Ng4 12. Bxg6 hxg6 13. Bf4 Be6 14. h3 Nh6 15. Nd2 0-0-0 16. Nf3 Nf5 17. Kf2 Rde8 18. Rae1 Kd7 19. b4 c6 20. Nd2 b6 21. Nb3 f6 22. a4 g5 23. Bh2 g4 24. a5 gxh3 25. g4 Nh4 26. Ra1 Ra8 27. Kg3 Ng2 28. exf6 gxf6 29. Rgf1 Rag8 30. axb6 Rxg4+ 31. Kf2 axb6 32. Ra7+ Kd8 33. Bc7+ Ke7 34. Bxb6+ Bd7 35. Nc5 Rf4+ 36. Ke2 Re8 37. Rxf4 Nxf4+ 38. Kf3 Rg8 39. Rxd7+ Ke8 40. Rd8+ Kf7 41. Rxg8 Kxg8 42. Kg3 Ne2+ 43. Kxh3 Nxc3 44. Kg4 Kf7 45. Nb7 Ke6 46. Bc5 Ne2 47. Na5 f5+ 48. Kf3 1-0

[Event "Sitges Sunway op 10th"]
[Site "Sitges"]
[Date "2023.12.20"]
[Round "8"]
[White "Shaffer, Alexander"]
[Black "Serrahima Susany, Ramon"]
[Result "0-1"]
[WhiteElo "1620"]
[BlackElo "2023"]
[PlyCount "80"]
[EventDate "2023.12.12"]
[EventType "swiss"]
[EventRounds "10"]
[EventCountry "ESP"]
[SourceTitle "EXT 2025"]
[Source "ChessBase"]
[SourceDate "2024.10.14"]
[SourceVersion "1"]
[SourceVersionDate "2024.10.14"]
[SourceQuality "1"]

1. d4 d5 2. c4 e6 3. Nc3 Nf6 4. Bg5 Be7 5. e3 a6 6. cxd5 exd5 7. Nf3 0-0 8. Qb3 c6 9. Bd3 Nbd7 10. 0-0 Re8 11. Rac1 h6 12. Bf4 Nh5 13. Nxd5 Nxf4 14. Nxf4 Bd6 15. Ne2 Nb6 16. Ng3 Be6 17. Qc2 Nd5 18. a3 Bg4 19. Nd2 Qh4 20. Nc4 Bc7 21. Bh7+ Kh8 22. Bf5 Bh5 23. Rfe1 Rad8 24. f4 g6 25. Nxh5 Qxh5 26. Bd3 Nxf4 27. exf4 Bxf4 28. g3 Bxc1 29. Qxc1 Rxe1+ 30. Qxe1 Qd5 31. Qe5+ Qxe5 32. Nxe5 Rxd4 33. Bf1 Kg7 34. b3 Rd1 35. Nc4 b5 36. Na5 c5 37. a4 c4 38. axb5 c3 39. b4 c2 40. Nb3 axb5 0-1

[Event "Monsaraz op"]
[Site "Monsaraz"]
[Date "2023.11.24"]
[Round "6"]
[White "Shaffer, Alexander"]
[Black "De Kaey, Pascal"]
[Result "1/2-1/2"]
[WhiteElo "1634"]
[BlackElo "1938"]
[PlyCount "27"]
[EventDate "2023.11.21"]
[EventType "swiss"]
[EventRounds "9"]
[EventCountry "POR"]
[SourceTitle "CBM 217 Extra"]
[Source "ChessBase"]
[SourceDate "2024.01.31"]
[SourceVersion "1"]
[SourceVersionDate "2024.01.31"]
[SourceQuality "1"]

1. d4 Nf6 2. Nf3 c5 3. d5 b5 4. a4 Bb7 5. c4 bxc4 6. Nc3 d6 7. e4 Nbd7 8. Bxc4 g6 9. 0-0 Bg7 10. h3 0-0 11. Bf4 Qa5 12. Re1 Nh5 13. Bg5 Qd8 14. Qd2 1/2-1/2

[Event "PUR-ch"]
[Site "San Juan"]
[Date "2023.09.03"]
[Round "9"]
[White "Serrano Rivera, Oscar A"]
[Black "Shaffer, Alexander"]
[Result "0-1"]
[WhiteElo "1084"]
[BlackElo "1672"]
[PlyCount "101"]
[EventDate "2023.08.25"]
[EventType "swiss"]
[EventRounds "9"]
[EventCountry "PUR"]
[SourceTitle "CBM 216 Extra"]
[Source "ChessBase"]
[SourceDate "2023.11.30"]
[SourceVersion "1"]
[SourceVersionDate "2023.11.30"]
[SourceQuality "1"]

1. e4 d6 2. Nf3 g6 3. d4 Nf6 4. Nc3 Bg7 5. Bc4 Nc6 6. 0-0 0-0 7. h3 Nxe4 8. Nxe4 d5 9. Bb5 dxe4 10. Bxc6 exf3 11. Bxf3 Qxd4 12. Qxd4 Bxd4 13. c3 Bg7 14. Bf4 e5 15. Bg3 f5 16. Bd5+ Kh8 17. Rad1 c6 18. Bb3 f4 19. Bh4 f3 20. Rfe1 fxg2 21. Kxg2 Bf5 22. Bg3 Rae8 23. Re2 e4 24. Rde1 h5 25. Bc2 Rf6 26. Bxe4 Rfe6 27. Bf3 Rxe2 28. Rxe2 Rxe2 29. Bxe2 a5 30. h4 Bf6 31. Kf3 Bg4+ 32. Ke3 Bxe2 33. Kxe2 Kg7 34. Kd3 Kh6 35. f4 Kg7 36. Kc4 Be7 37. a4 Kf6 38. b4 axb4 39. cxb4 Kf5 40. b5 cxb5+ 41. Kxb5 Bd8 42. a5 Kg4 43. Bf2 Kxf4 44. Bb6 Bxh4 45. Bc7+ Kf3 46. Kb6 Be1 47. Kxb7 Bxa5 48. Bxa5 g5 49. Bd8 g4 50. Bh4 g3 51. Kc6 0-1

[Event "Wch Seniors 65 30th"]
[Site "Assisi"]
[Date "2022.11.18"]
[Round "4"]
[White "Hebert, Jean"]
[Black "Shaffer, Alexander"]
[Result "1-0"]
[WhiteElo "2333"]
[BlackElo "1688"]
[PlyCount "79"]
[EventDate "2022.11.15"]
[EventType "swiss"]
[EventRounds "11"]
[EventCountry "ITA"]
[SourceTitle "CBM 211 Extra"]
[Source "ChessBase"]
[SourceDate "2023.01.31"]
[SourceVersion "1"]
[SourceVersionDate "2023.01.31"]
[SourceQuality "1"]

1. Nf3 d5 2. g3 Nf6 3. Bg2 g6 4. 0-0 Bg7 5. c4 c6 6. d4 0-0 7. Qb3 dxc4 8. Qxc4 Nbd7 9. Nc3 Nb6 10. Qd3 Be6 11. Rd1 Qc8 12. e4 Rd8 13. Qf1 Bc4 14. Qe1 Be6 15. b3 Bh3 16. Ba3 Bxg2 17. Kxg2 e6 18. Rac1 Qd7 19. h3 Qe8 20. Qe2 a5 21. e5 Nfd5 22. Ne4 a4 23. Bc5 Nc8 24. Qb2 axb3 25. Qxb3 Nce7 26. Nd6 Qd7 27. Qxb7 Rxa2 28. Qxd7 Rxd7 29. Ra1 Rxa1 30. Rxa1 Rd8 31. Ng5 Rf8 32. Ra7 h6 33. Nge4 Nc8 34. Nxc8 Rxc8 35. Rxf7 Rb8 36. Ra7 g5 37. Bd6 Re8 38. Ra6 Rc8 39. Nc5 Nb4 40. Ra4 1-0

[Event "Florianopolis Winter op 6th"]
[Site "Florianopolis"]
[Date "2022.07.13"]
[Round "2"]
[White "Cazao, Sophia Guidi Peplau"]
[Black "Shaffer, Alexander"]
[Result "0-1"]
[WhiteElo "1800"]
[BlackElo "1759"]
[PlyCount "74"]
[EventDate "2022.07.13"]
[EventType "swiss"]
[EventRounds "9"]
[EventCountry "BRA"]
[SourceTitle "CBM 209 Extra"]
[Source "ChessBase"]
[SourceDate "2022.09.30"]
[SourceVersion "1"]
[SourceVersionDate "2022.09.30"]
[SourceQuality "1"]

1. d4 d5 2. c4 e6 3. Nc3 Nf6 4. Nf3 Be7 5. Bg5 0-0 6. e3 Nbd7 7. cxd5 exd5 8. Bd3 c6 9. 0-0 Re8 10. Qc2 Nf8 11. Rfe1 g6 12. a3 Ne6 13. e4 Nxg5 14. Nxg5 dxe4 15. Ngxe4 Nxe4 16. Rxe4 Bf5 17. Re3 Bxd3 18. Qxd3 Bf6 19. Rxe8+ Qxe8 20. d5 Rd8 21. Qf3 Bxc3 22. bxc3 Rxd5 23. h3 Qd7 24. c4 Rd3 25. Qe2 Qd4 26. Qe8+ Kg7 27. Re1 Rd1 28. Rxd1 Qxd1+ 29. Kh2 Qd6+ 30. g3 h5 31. h4 Qd4 32. Kg2 Qxc4 33. Qe5+ Kh7 34. Qe7 Qd5+ 35. Kh2 c5 36. Qc7 c4 37. Kg1 Kg7 0-1

[Event "Sitges Sunway op 8th"]
[Site "Sitges"]
[Date "2021.12.14"]
[Round "2"]
[White "Lever, Erwan"]
[Black "Shaffer, Alexander"]
[Result "1-0"]
[WhiteElo "2268"]
[BlackElo "1702"]
[PlyCount "83"]
[EventDate "2021.12.13"]
[EventType "swiss"]
[EventRounds "10"]
[EventCountry "ESP"]
[SourceTitle "CBM 205 Extra"]
[Source "ChessBase"]
[SourceDate "2022.01.31"]
[SourceVersion "1"]
[SourceVersionDate "2022.01.31"]
[SourceQuality "1"]

1. d4 e6 2. c4 Nf6 3. g3 Bb4+ 4. Bd2 a5 5. Bg2 0-0 6. e3 d5 7. Qc2 Nbd7 8. Ne2 c6 9. 0-0 Qe7 10. f4 b5 11. c5 Bxd2 12. Nxd2 Ba6 13. Rfe1 Ng4 14. Nc1 f5 15. Nf3 Ngf6 16. Nd3 Ne4 17. Nde5 Nxe5 18. Nxe5 Qc7 19. Bxe4 fxe4 20. a3 Bc8 21. b4 axb4 22. axb4 Bd7 23. Qb2 Qb7 24. Rec1 Rfb8 25. Rc3 Be8 26. Rca3 Kf8 27. Ra5 Ke7 28. R1a3 Kf6 29. Qa2 Rxa5 30. Rxa5 Qc7 31. g4 Ke7 32. Qf2 Kf8 33. Ra6 Kg8 34. Kg2 Qc8 35. Qa2 Qc7 36. Kg3 Rb7 37. h3 Rb8 38. h4 Rb7 39. h5 Rb8 40. Rb6 Qc8 41. Qa7 Ra8 42. Qe7 1-0

[Event "San Pedro de Macoris zt"]
[Site "San Pedro de Macoris"]
[Date "2021.11.08"]
[Round "1"]
[White "Rodriguez Santiago, Jaime"]
[Black "Shaffer, Alexander"]
[Result "1/2-1/2"]
[WhiteElo "2064"]
[BlackElo "1678"]
[PlyCount "37"]
[EventDate "2021.11.08"]
[EventType "swiss"]
[EventRounds "9"]
[EventCountry "DOM"]
[SourceTitle "EXT 2023"]
[Source "ChessBase"]
[SourceDate "2022.10.05"]
[SourceVersion "1"]
[SourceVersionDate "2022.10.05"]
[SourceQuality "1"]

1. c4 c5 2. Nc3 e6 3. e4 Nc6 4. g3 g6 5. Bg2 Bg7 6. Nge2 Nge7 7. d3 0-0 8. Be3 Nd4 9. 0-0 Nec6 10. Qd2 d6 11. Rab1 b6 12. Bh6 Rb8 13. Bxg7 Kxg7 14. Nxd4 Nxd4 15. b4 b5 16. a3 Bd7 17. Ne2 Qf6 18. Nxd4 Qxd4 19. Qb2 1/2-1/2

[Event "Ibague op"]
[Site "Ibague"]
[Date "2021.10.22"]
[Round "5"]
[White "Carrillo Riano, Karen Sofia"]
[Black "Shaffer, Alexander"]
[Result "1-0"]
[WhiteElo "1409"]
[BlackElo "1774"]
[PlyCount "48"]
[EventDate "2021.10.20"]
[EventType "swiss"]
[EventRounds "9"]
[EventCountry "COL"]
[SourceTitle "CBM 204 Extra"]
[Source "ChessBase"]
[SourceDate "2021.11.30"]
[SourceVersion "1"]
[SourceVersionDate "2021.11.30"]
[SourceQuality "1"]

1. e4 c5 2. Nf3 Nc6 3. d4 cxd4 4. Nxd4 Nf6 5. Nc3 d6 6. Bc4 e6 7. 0-0 Be7 8. Kh1 Nxd4 9. Qxd4 a6 10. f3 0-0 11. Be3 b5 12. Be2 e5 13. Qd2 Be6 14. f4 b4 15. Nd5 Nxe4 16. Nxe7+ Qxe7 17. Qxb4 f5 18. fxe5 Qh4 19. Qe1 Qxe1 20. Rfxe1 dxe5 21. Kg1 Nf6 22. a3 Rfc8 23. Rac1 Nd5 24. Bd2 e4 1-0

[Event "Ibague op"]
[Site "Ibague"]
[Date "2021.10.21"]
[Round "3"]
[White "Quevedo Bonilla, Paula Thaliana"]
[Black "Shaffer, Alexander"]
[Result "0-1"]
[WhiteElo "1320"]
[BlackElo "1774"]
[PlyCount "50"]
[EventDate "2021.10.20"]
[EventType "swiss"]
[EventRounds "9"]
[EventCountry "COL"]
[SourceTitle "CBM 204 Extra"]
[Source "ChessBase"]
[SourceDate "2021.11.30"]
[SourceVersion "1"]
[SourceVersionDate "2021.11.30"]
[SourceQuality "1"]

1. e4 c5 2. Nf3 e6 3. d4 cxd4 4. Nxd4 Nc6 5. Nb5 Nf6 6. N1c3 Bb4 7. Nd6+ Ke7 8. Nc4 Nxe4 9. Bd2 Bxc3 10. Bxc3 d5 11. Na3 Nxc3 12. bxc3 Qa5 13. Nb1 Rd8 14. Bd3 d4 15. Qd2 Qe5+ 16. Qe2 dxc3 17. 0-0 Qxe2 18. Bxe2 Nb4 19. Nxc3 Nxc2 20. Rac1 Nd4 21. Bc4 Bd7 22. Kh1 Bc6 23. Rfe1 Nf5 24. Rc2 Rd7 25. h3 Rad8 0-1

[Event "Manizales Las Americas op-A"]
[Site "Manizales"]
[Date "2021.10.15"]
[Round "4"]
[White "Shaffer, Alexander"]
[Black "Ocampo Betancur, Cristina Angela"]
[Result "0-1"]
[WhiteElo "1774"]
[BlackElo "1998"]
[PlyCount "50"]
[EventDate "2021.10.14"]
[EventType "swiss"]
[EventRounds "10"]
[EventCountry "COL"]
[SourceTitle "CBM 204 Extra"]
[Source "ChessBase"]
[SourceDate "2021.11.30"]
[SourceVersion "1"]
[SourceVersionDate "2021.11.30"]
[SourceQuality "1"]

1. d4 d5 2. Nf3 Nf6 3. c4 e6 4. Nc3 c5 5. e3 Nc6 6. a3 a6 7. dxc5 Bxc5 8. b4 Bb6 9. Bb2 0-0 10. cxd5 exd5 11. Be2 d4 12. exd4 Nxd4 13. Nxd4 Bxd4 14. 0-0 Bf5 15. Bf3 Rc8 16. Rc1 Qd7 17. Qd2 Rfd8 18. Rfd1 Ng4 19. Bxg4 Bxg4 20. Re1 Qf5 21. h3 Bxh3 22. gxh3 Bxc3 23. Re8+ Rxe8 24. Rxc3 Rxc3 25. Qxc3 Qg6+ 0-1

[Event "Manizales Las Americas op-A"]
[Site "Manizales"]
[Date "2021.10.14"]
[Round "2"]
[White "Tirado Veliz, Henry Jose"]
[Black "Shaffer, Alexander"]
[Result "1-0"]
[WhiteElo "2101"]
[BlackElo "1774"]
[PlyCount "117"]
[EventDate "2021.10.14"]
[EventType "swiss"]
[EventRounds "10"]
[EventCountry "COL"]
[SourceTitle "CBM 204 Extra"]
[Source "ChessBase"]
[SourceDate "2021.11.30"]
[SourceVersion "1"]
[SourceVersionDate "2021.11.30"]
[SourceQuality "1"]

1. e4 e5 2. Nc3 Nf6 3. g3 d5 4. exd5 Nxd5 5. Bg2 Nxc3 6. bxc3 Bd6 7. Ne2 0-0 8. 0-0 Nc6 9. Rb1 Na5 10. d3 Rb8 11. Be3 b6 12. c4 Bb7 13. Nc3 Bxg2 14. Kxg2 Nc6 15. Nd5 Nd4 16. c3 Nf5 17. Qg4 Nxe3+ 18. fxe3 f6 19. Rbd1 c6 20. Qe6+ Kh8 21. Nb4 Re8 22. Qf5 Bxb4 23. cxb4 Qe7 24. Rb1 Qe6 25. Qxe6 Rxe6 26. Rfd1 Rd8 27. Kf2 Red6 28. Ke2 Kg8 29. Rd2 Kf7 30. Rbd1 Ke6 31. d4 e4 32. Rc2 c5 33. bxc5 bxc5 34. d5+ Ke5 35. Rb2 Rb6 36. Rxb6 axb6 37. Rb1 Rd6 38. Kd2 f5 39. Kc3 g5 40. a4 f4 41. gxf4+ gxf4 42. exf4+ Kxf4 43. Rf1+ Ke3 44. Re1+ Kf3 45. Kd2 Rg6 46. Rf1+ Kg2 47. Rf4 Kxh2 48. Rxe4 Kg3 49. Re6 Rg4 50. Kc3 h5 51. d6 h4 52. d7 Rd4 53. Re3+ Kg2 54. Rd3 Rxd7 55. Rxd7 h3 56. Rg7+ Kf2 57. Rh7 Kg2 58. a5 bxa5 59. Kb3 1-0

[Event "Soacha op-A"]
[Site "Soacha"]
[Date "2021.09.12"]
[Round "9"]
[White "Bejarano Urrego, Dany Andres"]
[Black "Shaffer, Alexander"]
[Result "1/2-1/2"]
[WhiteElo "1991"]
[BlackElo "1805"]
[PlyCount "78"]
[EventDate "2021.09.08"]
[EventType "swiss"]
[EventRounds "10"]
[EventCountry "COL"]
[SourceTitle "CBM 204 Extra"]
[Source "ChessBase"]
[SourceDate "2021.11.30"]
[SourceVersion "1"]
[SourceVersionDate "2021.11.30"]
[SourceQuality "1"]

1. e4 c5 2. Nf3 e6 3. d4 cxd4 4. Nxd4 Nf6 5. Bd3 Nc6 6. Ne2 d5 7. exd5 exd5 8. 0-0 Be7 9. h3 0-0 10. c3 Re8 11. Be3 Ne5 12. Bb5 Bd7 13. Bxd7 Qxd7 14. Qb3 Nc4 15. Bd4 Ne4 16. Qc2 Bd6 17. b3 Ne5 18. Nd2 Nxd2 19. Qxd2 Nf3+ 20. gxf3 Rxe2 21. Qxe2 Re8 22. Qxe8+ Qxe8 23. Rfe1 Qd8 24. Kf1 h5 25. Be5 Bxe5 26. Rxe5 Qf6 27. Re3 d4 28. cxd4 Qxd4 29. Re8+ Kh7 30. Rae1 Qd3+ 31. Kg2 Qg6+ 32. Kh2 Qf5 33. R1e3 Qf4+ 34. Kg2 Qg5+ 35. Kf1 Qb5+ 36. Re2 Qf5 37. Kg2 Qg5+ 38. Kf1 Qf5 39. Kg2 Qg5+ 1/2-1/2

[Event "Soacha op-A"]
[Site "Soacha"]
[Date "2021.09.12"]
[Round "10"]
[White "Shaffer, Alexander"]
[Black "Ballesteros Diaz, Jefree Daniel"]
[Result "1/2-1/2"]
[WhiteElo "1805"]
[BlackElo "1615"]
[PlyCount "31"]
[EventDate "2021.09.08"]
[EventType "swiss"]
[EventRounds "10"]
[EventCountry "COL"]
[SourceTitle "CBM 204 Extra"]
[Source "ChessBase"]
[SourceDate "2021.11.30"]
[SourceVersion "1"]
[SourceVersionDate "2021.11.30"]
[SourceQuality "1"]

1. d4 Nf6 2. Nf3 e6 3. c4 d5 4. Nc3 Be7 5. Bg5 Nbd7 6. e3 0-0 7. Rc1 h6 8. Bh4 c6 9. Bd3 Ne8 10. Bxe7 Qxe7 11. 0-0 Ndf6 12. a3 a5 13. h3 dxc4 14. Bxc4 Nd6 15. Bd3 Nd7 16. Bb1 1/2-1/2

[Event "Soacha op-A"]
[Site "Soacha"]
[Date "2021.09.09"]
[Round "4"]
[White "Pereira Vera, Henry Alberto"]
[Black "Shaffer, Alexander"]
[Result "0-1"]
[WhiteElo "1802"]
[BlackElo "1805"]
[PlyCount "23"]
[EventDate "2021.09.08"]
[EventType "swiss"]
[EventRounds "10"]
[EventCountry "COL"]
[SourceTitle "CBM 204 Extra"]
[Source "ChessBase"]
[SourceDate "2021.11.30"]
[SourceVersion "1"]
[SourceVersionDate "2021.11.30"]
[SourceQuality "1"]

1. b3 c5 2. Bb2 Nc6 3. f4 e6 4. Nf3 Nf6 5. e3 Be7 6. Be2 0-0 7. 0-0 b6 8. c4 Bb7 9. Nc3 d5 10. cxd5 Nxd5 11. Nxd5 Qd7 12. Nc3 0-1